Mort subite : Rois de France ou d'ailleurs ? - Statistiques

Statistiques générales
  • Ce quiz a été pris 353 fois
  • Le résultat moyen est 4 sur 15
Answers on the Grid
Answers color-coded by a green-red scale on the quiz's grid according to % correct below.
Clovis 1er
Philippe II Auguste
Philippe 1er le Beau
Louis II le Bègue
François 1er de Lorraine
Louis 1er le Bien aimé
Jean III le Pieux
Louis IV d'Outremer
Édouard Ier l'Éloquent
Jean II le Bon
Philippe II le Prudent
Philippe III le Grand
Charles III le Simple
Guilaume II le Roux
Henri VII de Luxembourg
Louis XIII le Juste
Philippe IV le Grand
Philippe V le Long
Pierre 1er le Justicier
Charles IV le Chasseur
Henri Ier le Chaste
Henri 1er Beauclerc
Louis VI le Gros
Alphonse XII le Pacifique
Alphonse V l'Africain
Denis 1er le cultivateur
Etienne de Blois
Louis VIII le Lion
Richard 1er Coeur de lion
Louis XII le Père du peuple
Charles X
Louis III l'Aveugle
Jean II le Prince Parfait
Philippe III le Hardi
Jean 1er le Posthume
Charles IV le Bel
Henri II le Saint
Henri VI le Sévère
Louis XI le prudent
Jean Ier le Prince de Bonne Mémoire
 
Statistiques - réponses
Réponse % Correct
Clovis 1er
91%
Philippe II Auguste
51%
Jean II le Bon
32%
Louis II le Bègue
32%
Louis XIII le Juste
24%
Charles X
22%
Louis IV d'Outremer
20%
Charles III le Simple
19%
Philippe V le Long
18%
Philippe III le Hardi
12%
Charles IV le Bel
10%
Jean 1er le Posthume
7%
Louis VIII le Lion
6%
Louis XII le Père du peuple
6%
Louis XI le prudent
5%
Aucun quiz correspondant
Distribution des résultats
% des personnes avec chaque résultat
Percentile par nombre de réponses
Votre historique - résultats
Vous n’avez pas pris ce quiz